|
|
|
|
| LEADER |
00727nam a2200265 a 4500 |
| 001 |
adlib96000001 |
| 003 |
ViArRB |
| 005 |
20151028161922.0 |
| 008 |
960221s1955 dcuabcdjdbkoqu001 0deng d |
| 020 |
|
|
|
| 022 |
|
|
|
| 040 |
|
|
|a Adlib
|
| 082 |
|
|
|a 540
|
| 245 |
|
|
|a Chemistry of elements
|
| 250 |
|
|
|
| 260 |
|
|
|a Oxford,
|b Pergamon,
|c 1989
|
| 300 |
|
|
|a ,
|b ,
|c Book
|
| 500 |
|
|
|a School of Marine Sciences
|
| 653 |
|
|
|a Chemistry
|a Chemistry
|a Spectroscopy
|a Biochemistry
|a Spectrum analysis
|a Acids
|
| 100 |
|
|
|a Greenwood, N. N.
|
| 700 |
|
|
|a Earnshaw, A.
|
| 942 |
|
|
|c BK
|6 _
|
| 942 |
|
|
|c BK
|
| 999 |
|
|
|c 71657
|d 71657
|
| 952 |
|
|
|0 0
|1 0
|4 0
|6 540_M9
|7 0
|9 83465
|a SOS
|b SOS
|d 0000-00-00
|o 540 M9
|p MS006247
|r 2013-06-14
|w 2009-07-13
|y BK
|